000 00349 a2200169 4500
001 182201
020 _a978-85-359-2091-8
040 _cMagnum
100 _aAmado, Jorge
240 1 0 _aMar morto
_lpor
245 1 0 _aMar morto
300 _a271
362 0 _a2012
440 1 _aCompanhia das Letras
697 _aLITERATURA GERAL
942 _cBK
999 _c182201
_d182201